|
|
|
|
| LEADER |
03362nam a22005295i 4500 |
| 001 |
978-3-642-37045-8 |
| 003 |
DE-He213 |
| 005 |
20151204161711.0 |
| 007 |
cr nn 008mamaa |
| 008 |
130619s2013 gw | s |||| 0|eng d |
| 020 |
|
|
|a 9783642370458
|9 978-3-642-37045-8
|
| 024 |
7 |
|
|a 10.1007/978-3-642-37045-8
|2 doi
|
| 040 |
|
|
|d GrThAP
|
| 050 |
|
4 |
|a SB123-123.5
|
| 050 |
|
4 |
|a S494.5.B563
|
| 072 |
|
7 |
|a PSTL
|2 bicssc
|
| 072 |
|
7 |
|a TCB
|2 bicssc
|
| 072 |
|
7 |
|a SCI011000
|2 bisacsh
|
| 072 |
|
7 |
|a SCI010000
|2 bisacsh
|
| 082 |
0 |
4 |
|a 631.52
|2 23
|
| 082 |
0 |
4 |
|a 660.6
|2 23
|
| 245 |
1 |
0 |
|a Genomics and Breeding for Climate-Resilient Crops
|h [electronic resource] :
|b Vol. 1 Concepts and Strategies /
|c edited by Chittaranjan Kole.
|
| 264 |
|
1 |
|a Berlin, Heidelberg :
|b Springer Berlin Heidelberg :
|b Imprint: Springer,
|c 2013.
|
| 300 |
|
|
|a XLIV, 520 p.
|b online resource.
|
| 336 |
|
|
|a text
|b txt
|2 rdacontent
|
| 337 |
|
|
|a computer
|b c
|2 rdamedia
|
| 338 |
|
|
|a online resource
|b cr
|2 rdacarrier
|
| 347 |
|
|
|a text file
|b PDF
|2 rda
|
| 505 |
0 |
|
|a Introduction -- Conservation, Evaluation and Utilization of Biodiversity -- Identification of Traits, Genes and Crops of the Future -- Molecular Mapping and Breeding for Genes/QTLS Related to Climate Change -- Genomic Tools and Strategies for Breeding Climate Change Resilient Cereals -- Emerging Concepts and Strategies for Genomics and Breeding -- Genetic Engineering for Tolerance to Climate Change Related Traits -- Participatory Breeding for Climate Change Related Traits -- Evolutionary Breeding and Climate Change -- Bioinformatics Tools to Assist Breeding for Climate Change -- Facilitation of Future Research and Extension through Funding and Networking Support -- Climate change and intellectual property: Regulatory Issues -- The Social and Political Dimensions.
|
| 520 |
|
|
|a Climate change is expected to have a drastic impact on agronomic conditions including temperature, precipitation, soil nutrients, and the incidence of disease pests, to name a few. To face this looming threat, significant progress in developing new breeding strategies has been made over the last few decades. The first volume of Genomics and Breeding for Climate-Resilient Crops presents the basic concepts and strategies for developing climate-resilient crop varieties. Topics covered include: conservation, evaluation and utilization of biodiversity; identification of traits, genes and crops of the future; genomic and molecular tools; genetic engineering; participatory and evolutionary breeding; bioinformatics tools to support breeding; funding and networking support; and intellectual property, regulatory issues, social and political dimensions.
|
| 650 |
|
0 |
|a Life sciences.
|
| 650 |
|
0 |
|a Climate change.
|
| 650 |
|
0 |
|a Agriculture.
|
| 650 |
|
0 |
|a Plant genetics.
|
| 650 |
|
0 |
|a Plant breeding.
|
| 650 |
1 |
4 |
|a Life Sciences.
|
| 650 |
2 |
4 |
|a Plant Breeding/Biotechnology.
|
| 650 |
2 |
4 |
|a Climate Change/Climate Change Impacts.
|
| 650 |
2 |
4 |
|a Agriculture.
|
| 650 |
2 |
4 |
|a Plant Genetics & Genomics.
|
| 700 |
1 |
|
|a Kole, Chittaranjan.
|e editor.
|
| 710 |
2 |
|
|a SpringerLink (Online service)
|
| 773 |
0 |
|
|t Springer eBooks
|
| 776 |
0 |
8 |
|i Printed edition:
|z 9783642370441
|
| 856 |
4 |
0 |
|u http://dx.doi.org/10.1007/978-3-642-37045-8
|z Full Text via HEAL-Link
|
| 912 |
|
|
|a ZDB-2-SBL
|
| 950 |
|
|
|a Biomedical and Life Sciences (Springer-11642)
|